00638 2200217 4500001002100000005001700021008004100038020002200079035002400101082000800125090001800133100001600151245008600167250001100253260003900264300003100303650002000334700002400354700002000378990002200398YOGYA-0513000000021820130507110005.0 ind  a978-602-9397-25-3 0010-051300000000217 a813 aDEP 813 Nal R aNALAA, 1985 aRunaway days/cNalaa; penyunting, Dila Maretihaq Sari; ilustrasi, Itsna Hidayatun aCet. 1 aYogyakarta :bBentang belia,c2012 a154 hlm. :bilus. ;c19 cm aFiksi Indonesia aDila Maretihaq Sari aItsna Hidayatun aCB-D.11 2012-1493